Die beliebtesten Quizzes auf JetPunk - Sudden Death - Statistiken

Allgemein
  • Dieses Quiz wurde 105 mal gespielt
  • Das Durchschnittsergebnis liegt bei 3 aus 20
Answers on the Grid
Answers color-coded by a green-red scale on the quiz's grid according to % correct below.
Länder der Welt Quiz
Weltkarte ohne 20 zufällige Länder
Bundesstaaten der USA Quiz
Länder Europas Quiz
Deutsche Großstädte
Nennen Sie ein Land A-Z
Länder mit Grenzen in 90 Sekunden
Länder Afrikas Quiz
Hauptstädte Europas Quiz
Zufällige Flagge zum Land
Hauptstädte der Welt Quiz
Länder nach ersten und letzten beiden Buchstaben
Zufällige Länder auf der Weltkarte
PSE Quiz
Schnelle Mathematik - Zahlenverdopplung
Länder Asiens
Länder der Erde mit einer leeren Karte
Bundesländer Deutschlands Karten-Quiz
Pokémon Deutsch Quiz
Die 8 Planeten
Alle Länderflaggen der Welt
Rette die Menschheit, indem du Länder errätst
Ewige Tabelle der Fußball-Bundesliga
UEFA Champions League Gewinner
Länder, die mit B beginnen
Flaggen Europas Quiz
Länder, die mit S beginnen
Länder Nordamerikas
Länder Südamerikas
Länder Ozeaniens
 
Antwortstatistiken
Antwort % Korrekt
Länder der Welt Quiz
49%
Länder Europas Quiz
31%
Flaggen Europas Quiz
29%
Bundesstaaten der USA Quiz
26%
Deutsche Großstädte
24%
Hauptstädte der Welt Quiz
22%
Hauptstädte Europas Quiz
19%
Nennen Sie ein Land A-Z
19%
Zufällige Länder auf der Weltkarte
19%
Zufällige Flagge zum Land
16%
Länder mit Grenzen in 90 Sekunden
12%
Schnelle Mathematik - Zahlenverdopplung
12%
Weltkarte ohne 20 zufällige Länder
12%
Länder Afrikas Quiz
10%
PSE Quiz
10%
Länder, die mit S beginnen
9%
Länder nach ersten und letzten beiden Buchstaben
7%
Länder Nordamerikas
7%
Länder Ozeaniens
6%
Länder Südamerikas
6%
Keine übereinstimmenden Quizze gefunden
Verteilung der Resultate
Anzahl Personen mit jedem Resultat
Perzentil nach korrekt beantworteten Fragen
Ihre Resultats-Entwicklung
Sie haben dieses Quiz noch nicht gespielt